Common insects of India (Record no. 79676)

MARC details
000 -LEADER
fixed length control field 00680nam a22002411 4500
001 - CONTROL NUMBER
control field sa 68003698
003 - CONTROL NUMBER IDENTIFIER
control field DLC
005 - DATE AND TIME OF LATEST TRANSACTION
control field 20260227112455.0
008 - FIXED-LENGTH DATA ELEMENTS--GENERAL INFORMATION
fixed length control field 710903s1967 ii a b 00010 eng
010 ## - LIBRARY OF CONGRESS CONTROL NUMBER
LC control number sa 68003698
025 ## - OVERSEAS ACQUISITION NUMBER
Overseas acquisition number PL480:I-E-9470
043 ## - GEOGRAPHIC AREA CODE
Geographic area code a-ii---
050 0# - LIBRARY OF CONGRESS CALL NUMBER
Classification number QL483.I4
Item number K3
082 ## - DEWEY DECIMAL CLASSIFICATION NUMBER
Classification number 595.7/0954
100 10 - MAIN ENTRY--PERSONAL NAME
Personal name Kalyanam, N. P.,
Dates associated with a name 1927-
245 10 - TITLE STATEMENT
Title Common insects of India
Statement of responsibility, etc. [by] N. P. Kalyanam.
260 0# - PUBLICATION, DISTRIBUTION, ETC.
Place of publication, distribution, etc. Bombay,
-- New York,
Name of publisher, distributor, etc. Asia Pub. House
Date of publication, distribution, etc. [1967]
300 ## - PHYSICAL DESCRIPTION
Extent x, 136 p.
Other physical details illus.
Dimensions 22 cm.
350 ## - PRICE (NR) (BK AM CF MU VM SE) [OBSOLETE]
Price Rs12
504 ## - BIBLIOGRAPHY, ETC. NOTE
Bibliography, etc. note Bibliography: p. 126-129.
504 ## - BIBLIOGRAPHY, ETC. NOTE
Bibliography, etc. note "Books suggested for general reading": p. 130.
650 #0 - SUBJECT ADDED ENTRY--TOPICAL TERM
Topical term or geographic name entry element Insects
Geographic subdivision India.

No items available.

Powered by Koha